000 00858pam a2200277 a 4500
001 1181494
005 20251108125506.0
008 970724s1998 nyua 001 0 eng
020 _a0827385196
_qset : sc : alk. paper
020 _a9780827385191
_q(set : sc : alk. paper)
050 0 0 _aTL210
_b.K56 1998
082 0 0 _a629.25/04/0288
_221
100 1 _aKnowles, Don.
245 1 0 _aAutomotive engine performance /
_cDon Knowles, Jack Erjavec.
250 _a2nd ed.
260 _aAlbany :
_bDelmar,
_cc1998.
300 _a2 v. :
_bill. (some col.) ;
_c28 cm.
440 0 _aToday's technician
500 _aShop manual is spiral bound.
500 _aclassroom manual
500 _aIncludes indexes.
650 0 _aAutomobiles
_xMotors
_xModification.
650 0 _aAutomobiles
_xPerformance.
700 1 _aErjavec, Jack.
942 _2lcc
_cBK
_e2nd ed.
_n0
999 _c8154
_d8154